Awards digest (Record no. 23034)

MARC details
000 -LEADER
fixed length control field 00501nam a22001577a 4500
005 - DATE AND TIME OF LATEST TRANSACTION
control field 20090204165213.0
008 - FIXED-LENGTH DATA ELEMENTS--GENERAL INFORMATION
fixed length control field 090204t xxu||||| |||| 00| 0 eng d
022 ## - INTERNATIONAL STANDARD SERIAL NUMBER
International Standard Serial Number 0973-0427
245 ## - TITLE STATEMENT
Title Awards digest
Remainder of title journal of labour legislation
260 ## - PUBLICATION, DISTRIBUTION, ETC. (IMPRINT)
Place of publication, distribution, etc Noida
Name of publisher, distributor, etc V V Giri National Labour Institute
Date of publication, distribution, etc 2008-
300 ## - PHYSICAL DESCRIPTION
Extent v.
Dimensions 28 cm
310 ## - CURRENT PUBLICATION FREQUENCY
Current publication frequency bi-monthly
650 ## - SUBJECT ADDED ENTRY--TOPICAL TERM
Topical term or geographic name as entry element Labour legislation
942 ## - ADDED ENTRY ELEMENTS (KOHA)
Source of classification or shelving scheme Dewey Decimal Classification
Item type Periodicals
Serial record 1
Holdings
Withdrawn status Lost status Source of classification or shelving scheme Damaged status Not for loan Collection code Home library Current library Date acquired Total Checkouts Date last seen Price effective from Koha item type
    Dewey Decimal Classification   Not For Loan Non-fiction D.B.Act.Division D.B.Act.Division 04/02/2009   04/02/2009 04/02/2009 Periodicals

© Delhi Public Library
Hit Counter
free hit counter